| 000 | 01547nam a22002777i 4500 | ||
|---|---|---|---|
| 003 | OSt | ||
| 005 | 20251119124042.0 | ||
| 008 | 251119b |||||||| |||| 00| 0 eng d | ||
| 020 | _a9789083203836 | ||
| 040 |
_bspa _cMNU |
||
| 041 | 1 |
_adut _aeng |
|
| 082 | 0 | 4 |
_a700.432.688.1 _bN477h |
| 100 | 1 |
_aNeubauer, Ursula _eartista |
|
| 245 | 0 | 0 |
_aHof van Eden = Garden of Eden / _cUrsula Neubauer ; Frans W. Saris ; Esther Wils. |
| 246 | 3 | 1 | _aGarden of Eden |
| 260 |
_aLa Haya, Paises Bajos : _bWest, _c2023 _cc2022 |
||
| 300 |
_a48 p : _bfotografías e ilustraciones a color ; _c24 cm |
||
| 520 | 3 | _aTodos los países africanos cuentan con reservas de caza nacionales y privadas. Namibia también tiene concesiones. Damaraland, en el centro de Namibia, fue parte de una colonia alemana y posteriormente de Sudáfrica. Tras la caída del régimen del apartheid, el pueblo damara recibió sus tierras, el desierto de Namib, del tamaño de Países Bajos, como concesión del gobierno namibio. Allí gozan de autonomía, con una condición: la preservación de la biodiversidad. Vivir en libertad, independientes del mundo exterior a su concesión, en armonía con la naturaleza, como en el Jardín del Edén. | |
| 650 | 1 | 4 |
_aActividades _vfotografías de la naturaleza _zNamibia |
| 650 | 1 | 4 |
_aPaisaje natural _zNamibia |
| 650 | 1 | 4 |
_aArte ecológico _zNamibia |
| 700 | 1 |
_aNeubauer, Ursula _eartista |
|
| 700 | 1 |
_aSaris, Frans W. _eautor |
|
| 700 | 1 |
_aWils, Esther _eredactora |
|
| 942 |
_2ddc _c1 _h700.432.688.1 _iN477h _n0 |
||
| 999 |
_c4566 _d4566 |
||